| 000 | 00505nam a2200169Ia 4500 | ||
|---|---|---|---|
| 005 | 20250923144649.0 | ||
| 008 | 008 250917s9999 xx 000 0 eng d | ||
| 037 | _aTextual | ||
| 040 |
_aDSWL _beng _cDSWL |
||
| 041 |
_aeng _2eng |
||
| 084 |
_aX9J:75.793.M4, N6 _qDSWL |
||
| 245 | 0 |
_aCaribbean land tanure symposium _cby Commission Caribbean |
|
| 260 |
_bA.O. and Caribbean Commission _c1947 |
||
| 300 | _axii,378p. | ||
| 942 |
_cTEXL _hX9J:75.793.M4, N6 |
||
| 999 |
_c1441772 _d1441772 |
||